Народное благосостояние: методология и методика исследования

Dades bibliogràfiques
Autor corporatiu: Академия наук СССР (АН СССР) Центральный экономико-математический институт (ЦЭМИ)
Altres autors: Римашевская Н. М. (редактор), Оников Л. А.
Sumari:Исключено из фонда НТБ ТПУ
Idioma:rus
Publicat: Москва, Наука, 1988
Format: Llibre
KOHA link:https://koha.lib.tpu.ru/cgi-bin/koha/opac-detail.pl?biblionumber=258856

MARC

LEADER 00000nam0a2200000 4500
001 258856
005 20231031220414.0
010 |a 5020132853 
035 |a (RuTPU)RU\TPU\book\281746 
090 |a 258856 
100 |a 20140429d1988 k y0rusy50 ca 
101 0 |a rus 
102 |a RU 
105 |a a z 000zy 
200 1 |a Народное благосостояние  |e методология и методика исследования  |f Академия наук СССР (АН СССР), Центральный экономико-математический институт (ЦЭМИ) ; под ред. Н. М. Римашевской, Л. А. Оникова 
210 |a Москва  |c Наука  |d 1988 
215 |a 304 с.  |c ил. 
333 |a Исключено из фонда НТБ ТПУ 
702 1 |a Римашевская  |b Н. М.  |4 340 
702 1 |a Оников  |b Л. А.  |4 340 
712 0 2 |a Академия наук СССР (АН СССР)  |b Центральный экономико-математический институт (ЦЭМИ)  |c (Москва) 
801 1 |a RU  |b 63413507  |c 20140429 
801 2 |a RU  |b 63413507  |c 20220311  |g RCR 
942 |c BK